| 000 | 01925nam a2200457 c 4500 | ||
|---|---|---|---|
| 001 | 17895 | ||
| 003 | ES-MaCES | ||
| 005 | 20141221122518.0 | ||
| 008 | 050816s2005 sp bd t o000 | spa d | ||
| 017 |
_aS 906-2005 _bDL |
||
| 017 |
_aS 977-2005 _bDL |
||
| 020 | _a8495308258 | ||
| 035 | _aCES20050009087m | ||
| 040 |
_aES-MaCES _bspa _cES-MaCES |
||
| 245 | 0 | 0 |
_aSituación económica y social de Castilla y León en 2004 _cConsejo Económico y Social, Comunidad de Castilla y León |
| 260 |
_aValladolid _bCES _c[2005] |
||
| 300 |
_a2 v. (645, 118 p.) _bgráf., mapas, col. _c24 cm |
||
| 500 | _aAprobado en la Sesión Plenaria del Consejo Económico y Social de 27 de junio de 2005 | ||
| 500 | _aÍndices | ||
| 505 | 0 | _at. I: La Economía de Castilla y León, el mercado laboral en Castilla y León, calidad de vida y protección social -- t. II: Conclusiones y recomendaciones | |
| 541 | _cGratuito | ||
| 650 | 4 |
_acondiciones económicas _927081 |
|
| 650 | 4 |
_acondiciones sociales _930469 |
|
| 650 | 4 |
_amercado de trabajo _928292 |
|
| 650 | 4 |
_acalidad de la vida _929237 |
|
| 650 | 4 |
_aprotección social _929076 |
|
| 650 | 4 |
_arepertorio de recomendaciones prácticas _929261 |
|
| 650 | 4 |
_aCastilla y León _930782 |
|
| 650 | 4 |
_a2004 _931739 |
|
| 650 | 4 |
_ainforme _928986 |
|
| 650 | 4 |
_acuadros estadísticos _928890 |
|
| 653 | 1 | 0 | _aCondiciones económicas |
| 710 | 2 |
_aConsejo Económico y Social (Castilla y León) _92405 |
|
| 740 | 3 | 2 | _aLa economía de Castilla y León, el mercado laboral en Castilla y León, calidad de vida y protección social |
| 740 | 0 | 2 | _aConclusiones y recomendaciones |
| 787 | 0 |
_tSituación económica y social de Castilla y León en 2005 _w(ES-MaCES)19162 |
|
| 787 | 0 |
_tInforme sobre la situación económica y social de Castilla y León en 2003 _w(ES-MaCES)17577 |
|
| 902 | _aLIB Libro | ||
| 942 |
_2CES _cBK _h0.0. |
||
| 999 |
_c17895 _d17895 |
||